Portugal : Selected Issues Paper.

Portugal's economy is in deep recession, and the crisis has opened up a large output gap, with severe consequences for employment and government revenue. While the focus is on the medium- and long-term, this analysis also offers insights on how deep the output gap is. It also highlights ways in...

Volledige beschrijving

Bibliografische gegevens
Coauteur: International Monetary Fund. European Dept
Formaat: Tijdschrift
Taal:English
Gepubliceerd in: Washington, D.C. : International Monetary Fund, 2013.
Reeks:IMF Staff Country Reports; Country Report ; No. 2013/019
Online toegang:Full text available on IMF
LEADER 01542cas a2200241 a 4500
001 AALejournalIMF013313
008 230101c9999 xx r poo 0 0eng d
020 |c 5.00 USD 
020 |z 9781475589498 
022 |a 1934-7685 
040 |a BD-DhAAL  |c BD-DhAAL 
110 2 |a International Monetary Fund.  |b European Dept. 
245 1 0 |a Portugal :   |b Selected Issues Paper. 
264 1 |a Washington, D.C. :  |b International Monetary Fund,  |c 2013. 
300 |a 1 online resource (103 pages) 
490 1 |a IMF Staff Country Reports 
500 |a <strong>Off-Campus Access:</strong> No User ID or Password Required 
500 |a <strong>On-Campus Access:</strong> No User ID or Password Required 
506 |a Electronic access restricted to authorized BRAC University faculty, staff and students 
520 3 |a Portugal's economy is in deep recession, and the crisis has opened up a large output gap, with severe consequences for employment and government revenue. While the focus is on the medium- and long-term, this analysis also offers insights on how deep the output gap is. It also highlights ways in which policies and reforms can promote growth over the longer haul and suggests that achieving a 2-percent growth rate over the long term-consistent with moderate convergence growth-is a realistic objective. 
538 |a Mode of access: Internet 
830 0 |a IMF Staff Country Reports; Country Report ;  |v No. 2013/019 
856 4 0 |z Full text available on IMF  |u http://elibrary.imf.org/view/journals/002/2013/019/002.2013.issue-019-en.xml  |z IMF e-Library